| 000 -LEADER |
| fixed length control field |
02856nam a22004817a 4500 |
| 001 - CONTROL NUMBER |
| control field |
16313826 |
| 003 - CONTROL NUMBER IDENTIFIER |
| control field |
OSt |
| 005 - DATE AND TIME OF LATEST TRANSACTION |
| control field |
20210426102338.0 |
| 008 - FIXED-LENGTH DATA ELEMENTS--GENERAL INFORMATION |
| fixed length control field |
100702s2010 nyuabf b 001 0 eng |
| 010 ## - LIBRARY OF CONGRESS CONTROL NUMBER |
| LC control number |
2010027709 |
| 020 ## - INTERNATIONAL STANDARD BOOK NUMBER |
| International Standard Book Number |
9780684868547 (hbk.) |
| 020 ## - INTERNATIONAL STANDARD BOOK NUMBER |
| International Standard Book Number |
0684868547 (hbk.) |
| 020 ## - INTERNATIONAL STANDARD BOOK NUMBER |
| Canceled/invalid ISBN |
9781451606362 (ebook) |
| 020 ## - INTERNATIONAL STANDARD BOOK NUMBER |
| Canceled/invalid ISBN |
1451606362 (ebook) |
| 035 ## - SYSTEM CONTROL NUMBER |
| System control number |
(OCoLC)ocn555639501 |
| 040 ## - CATALOGING SOURCE |
| Original cataloging agency |
DLC |
| Transcribing agency |
DLC |
| Modifying agency |
BTCTA |
| -- |
YDXCP |
| -- |
UPZ |
| -- |
MLY |
| -- |
C#P |
| -- |
MOF |
| -- |
BWX |
| -- |
CDX |
| -- |
MAL |
| -- |
DLC |
| Language of cataloging |
eng |
| 041 ## - LANGUAGE CODE |
| Language code of text/sound track or separate title |
eng |
| 042 ## - AUTHENTICATION CODE |
| Authentication code |
pcc |
| 043 ## - GEOGRAPHIC AREA CODE |
| Geographic area code |
n-us--- |
| 050 00 - LIBRARY OF CONGRESS CALL NUMBER |
| Classification number |
KF4541 |
| Item number |
.M278 2010 |
| 080 ## - UNIVERSAL DECIMAL CLASSIFICATION NUMBER |
| Universal Decimal Classification number |
340 |
| Item number |
M-19 |
| 082 00 - DEWEY DECIMAL CLASSIFICATION NUMBER |
| Classification number |
342.7302/9 |
| Edition number |
22 |
| 100 1# - MAIN ENTRY--PERSONAL NAME |
| Personal name |
Maier, Pauline, |
| Dates associated with a name |
1938-2013. |
| 245 10 - TITLE STATEMENT |
| Title |
Ratification : |
| Remainder of title |
the people debate the Constitution, 1787-1788 / |
| Statement of responsibility, etc. |
/ by: Simon & Schuster |
| 250 ## - EDITION STATEMENT |
| Edition statement |
1st Simon & Schuster hardcover edition |
| 260 ## - PUBLICATION, DISTRIBUTION, ETC. |
| Place of publication, distribution, etc. |
New York |
| Name of publisher, distributor, etc. |
Simon & Schuster |
| Date of publication, distribution, etc. |
2010. |
| 300 ## - PHYSICAL DESCRIPTION |
| Extent |
xvi, 589 p., [16] p. of plates |
| Other physical details |
ill., maps |
| Dimensions |
25 cm. |
| 365 ## - TRADE PRICE |
| Price amount |
30 usd |
| 504 ## - BIBLIOGRAPHY, ETC. NOTE |
| Bibliography, etc. note |
Includes bibliographical references (p. [491]-559) and index. |
| 505 0# - FORMATTED CONTENTS NOTE |
| Formatted contents note |
The morning after -- "Take this or nothing" -- A war of printed words : the national debate begins -- The Pennsylvania ratifying convention-- with Delaware, New Jersey, and Georgia -- "We the people" of Connecticut and Massachusetts -- The Massachusetts Convention I : the "conversation" begins -- The Massachusetts Convention II : "--with cordiality" -- A rough road to Richmond : New Hampshire, Rhode Island, Maryland, and South Carolina -- The Virginia Convention I : a battle of giants -- The Virginia Convention II : under the eyes of heaven -- On to Poughkeepsie -- The New York Convention I : a failure of oratory -- The New York Convention II : in or out? -- Some final twists : the North Carolina Convention, a meeting in Pennsylvania, and the ratification story draws to an end. |
| 520 ## - SUMMARY, ETC. |
| Summary, etc. |
The dramatic story of the debate over the ratification of the Constitution, the first new account of this seminal moment in American history in years. |
| 610 10 - SUBJECT ADDED ENTRY--CORPORATE NAME |
| Corporate name or jurisdiction name as entry element |
United States. |
| Title of a work |
Constitution |
| General subdivision |
Public opinion. |
| 650 #0 - SUBJECT ADDED ENTRY--TOPICAL TERM |
| Topical term or geographic name entry element |
Constitutional history |
| Geographic subdivision |
United States. |
| 650 #0 - SUBJECT ADDED ENTRY--TOPICAL TERM |
| Topical term or geographic name entry element |
Law |
| 9 (RLIN) |
733 |
| 653 ## - INDEX TERM--UNCONTROLLED |
| Uncontrolled term |
სამართალი |
| 653 ## - INDEX TERM--UNCONTROLLED |
| Uncontrolled term |
ამერიკის შეერთებული შტატების კონსტიტუცია |
| 856 42 - ELECTRONIC LOCATION AND ACCESS |
| Materials specified |
Contributor biographical information |
| Uniform Resource Identifier |
<a href="http://www.loc.gov/catdir/enhancements/fy1010/2010027709-b.html">http://www.loc.gov/catdir/enhancements/fy1010/2010027709-b.html</a> |
| 856 42 - ELECTRONIC LOCATION AND ACCESS |
| Materials specified |
Publisher description |
| Uniform Resource Identifier |
<a href="http://www.loc.gov/catdir/enhancements/fy1010/2010027709-d.html">http://www.loc.gov/catdir/enhancements/fy1010/2010027709-d.html</a> |
| 856 42 - ELECTRONIC LOCATION AND ACCESS |
| Materials specified |
Book review (H-Net) |
| Uniform Resource Identifier |
<a href="http://www.h-net.org/reviews/showrev.php?id=32211">http://www.h-net.org/reviews/showrev.php?id=32211</a> |
| 906 ## - LOCAL DATA ELEMENT F, LDF (RLIN) |
| a |
7 |
| b |
cbc |
| c |
orignew |
| d |
1 |
| e |
ecip |
| f |
20 |
| g |
y-gencatlg |
| 942 ## - ADDED ENTRY ELEMENTS (KOHA) |
| Source of classification or shelving scheme |
|
| Koha item type |
Books |